Çisenti (Record no. 3331)

000 -LEADER
fixed length control field 00473nam a22001817a 4500
008 - FIXED-LENGTH DATA ELEMENTS--GENERAL INFORMATION
fixed length control field 190502b ||||| |||| 00| | eng d
020 ## - INTERNATIONAL STANDARD BOOK NUMBER
International Standard Book Number 9750810317
041 ## - LANGUAGE CODE
Language code of text/sound track or separate title Türkçe
050 ## - LIBRARY OF CONGRESS CALL NUMBER
Classification number PL248.M46
100 ## - MAIN ENTRY--PERSONAL NAME
9 (RLIN) 1131
Personal name Meriç, Nezihe
245 ## - TITLE STATEMENT
Title Çisenti
250 ## - EDITION STATEMENT
Edition statement 2.Baskı
260 ## - PUBLICATION, DISTRIBUTION, ETC.
Place of publication, distribution, etc. İstanbul:
Name of publisher, distributor, etc. Yapı Kredi Yayınları
Date of publication, distribution, etc. Nisan 2006
300 ## - PHYSICAL DESCRIPTION
Extent 114 Sayfa
500 ## - GENERAL NOTE
General note YKY'de . Baskı: İstanbul, Nisan 2006
650 #0 - SUBJECT ADDED ENTRY--TOPICAL TERM
9 (RLIN) 145
Topical term or geographic name entry element Türk Edebiyatı
942 ## - ADDED ENTRY ELEMENTS (KOHA)
Source of classification or shelving scheme
Koha item type Books
Holdings
Withdrawn status Lost status Source of classification or shelving scheme Damaged status Not for loan Permanent Location Current Location Shelving location Date acquired Full call number Barcode Date last seen Price effective from Koha item type
        Ödünç verilemez İmren Ahmet Tüzün Kütüphanesi İmren Ahmet Tüzün Kütüphanesi Ahmet Tüzün 2019-05-02 PL248.M46 100100003388 2019-05-02 2019-05-02 Books
        Ödünç verilemez İmren Ahmet Tüzün Kütüphanesi İmren Ahmet Tüzün Kütüphanesi İmren Tüzün 2019-05-02 PL248.M46 100100003389 2019-05-02 2019-05-02 Books
        Ödünç verilemez İmren Ahmet Tüzün Kütüphanesi İmren Ahmet Tüzün Kütüphanesi İmren Tüzün 2019-05-02 PL248.M46 100100003390 2019-05-02 2019-05-02 Books

This software was implemented, installed and managed by Devinim Software Training Consulting .